The analysis and use of financial statements / (Record no. 9348)
[ view plain ]
| 000 -LEADER | |
|---|---|
| fixed length control field | 02011cam a2200325 a 4500 |
| 001 - CONTROL NUMBER | |
| control field | 13083448 |
| 003 - CONTROL NUMBER IDENTIFIER | |
| control field | OSt |
| 005 - DATE AND TIME OF LATEST TRANSACTION | |
| control field | 20221213110345.0 |
| 008 - FIXED-LENGTH DATA ELEMENTS--GENERAL INFORMATION | |
| fixed length control field | 030205s2003 njua b 001 0 eng |
| 010 ## - LIBRARY OF CONGRESS CONTROL NUMBER | |
| LC control number | 2003267020 |
| 020 ## - INTERNATIONAL STANDARD BOOK NUMBER | |
| International Standard Book Number | 0471375942 (alk. paper) |
| 040 ## - CATALOGING SOURCE | |
| Original cataloging agency | DLC |
| Transcribing agency | DLC |
| Modifying agency | DLC |
| 050 00 - LIBRARY OF CONGRESS CALL NUMBER | |
| Classification number | HF5681.B2.W46 |
| 082 04 - DEWEY DECIMAL CLASSIFICATION NUMBER | |
| Classification number | 657/.3 |
| Edition number | 21 |
| 100 1# - MAIN ENTRY--PERSONAL NAME | |
| Personal name | White, Gerald I. |
| 9 (RLIN) | 841 |
| 245 14 - TITLE STATEMENT | |
| Title | The analysis and use of financial statements / |
| Statement of responsibility, etc. | Gerald I. White, Ashwinpaul C. Sondhi, Dov Fried. |
| 250 ## - EDITION STATEMENT | |
| Edition statement | 3rd ed. |
| 260 ## - PUBLICATION, DISTRIBUTION, ETC. | |
| Place of publication, distribution, etc. | Hoboken, N.J. : |
| Name of publisher, distributor, etc. | Wiley, |
| Date of publication, distribution, etc. | 2003. |
| 300 ## - PHYSICAL DESCRIPTION | |
| Extent | xii, 767 p. : |
| Other physical details | ill. ; |
| Dimensions | 29 cm. |
| 504 ## - BIBLIOGRAPHY, ETC. NOTE | |
| Bibliography, etc. note | Includes bibliographical references (p. 743-753) and index. |
| 505 ## - FORMATTED CONTENTS NOTE | |
| Formatted contents note | Contents: Framework for financial statement analysis -- Accounting income and assets: the accrual concept -- Analysis of cash flows -- Foundations of ratio and financial analysis -- Empirical research: implications for financial statement analysis -- Analysis of inventories -- Analysis of long-lived assets: part I-the capitalization decision -- Analysis of long-lived assets: part II-analysis of depreciation and impairment -- Analysis of income taxes -- Analysis of financing liabilities -- Leases and off-balance-sheet debt -- Pensions and other employee benefits -- Analysis of intercorporate investments -- Analysis of business combinations -- Analysis of multinational operations -- Derivatives and hedging activities -- Analysis of financial statements: a synthesis -- Accounting-and finance-based measures of risk -- Valuation and forecasting -- |
| 650 #0 - SUBJECT ADDED ENTRY--TOPICAL TERM | |
| Topical term or geographic name entry element | Financial statements. |
| 9 (RLIN) | 709 |
| 700 1# - ADDED ENTRY--PERSONAL NAME | |
| Personal name | Sondhi, Ashwinpaul C. |
| 9 (RLIN) | 842 |
| 700 1# - ADDED ENTRY--PERSONAL NAME | |
| Personal name | Fried, Dov. |
| 9 (RLIN) | 843 |
| 856 42 - ELECTRONIC LOCATION AND ACCESS | |
| Materials specified | Publisher description |
| Uniform Resource Identifier | <a href="http://www.loc.gov/catdir/description/wiley036/2003267020.html">http://www.loc.gov/catdir/description/wiley036/2003267020.html</a> |
| 856 41 - ELECTRONIC LOCATION AND ACCESS | |
| Materials specified | Table of contents |
| Uniform Resource Identifier | <a href="http://www.loc.gov/catdir/toc/wiley032/2003267020.html">http://www.loc.gov/catdir/toc/wiley032/2003267020.html</a> |
| 906 ## - LOCAL DATA ELEMENT F, LDF (RLIN) | |
| a | 7 |
| b | cbc |
| c | origcop |
| d | 2 |
| e | ncip |
| f | 20 |
| g | y-gencatlg |
| 942 ## - ADDED ENTRY ELEMENTS (KOHA) | |
| Source of classification or shelving scheme | Library of Congress Classification |
| Koha item type | Books |
| Withdrawn status | Lost status | Source of classification or shelving scheme | Damaged status | Not for loan | Home library | Current library | Shelving location | Date acquired | Full call number | Barcode | Date last seen | Price effective from | Koha item type |
|---|---|---|---|---|---|---|---|---|---|---|---|---|---|
| Library of Congress Classification | WISCONSIN INTERNATIONAL UNIVERSITY COLLEGE, GHANA KUMASI LIBRARY | WISCONSIN INTERNATIONAL UNIVERSITY COLLEGE, GHANA KUMASI LIBRARY | General Stacks | 30/10/2019 | HF5681.B2.W46(3e) | K/913/913/19 | 12/12/2022 | 12/12/2022 | Books |
